| 000 | 01078cab a2200229 4500 | ||
|---|---|---|---|
| 001 | WB3105-35 | ||
| 008 | 090401t1995 xxu||||| |||| 00| 0 eng d | ||
| 035 | _a(Sirsi) u20827 | ||
| 041 | _aeng | ||
| 245 | _aHighways | ||
| 260 | _c1995 | ||
| 350 | _a0 | ||
| 490 |
_aEstates Gazette Case Summaries _v(1995) EGCS 7(1) (28/2/95) |
||
| 520 | _a"Thornfield Roadside Ltd v SoS Environment and another" QBD 17 January 1995. An application to the second defendant for planning permission to build a motorists` service area was refused, the inspector and SoS upholding the refusal on the grounds that in an area of restricted development there was already sufficient provision, with appropriate access and that the application was premature. Appeal refused though the court accepted T`s arguments on prematurity. | ||
| 650 | _aA40 | ||
| 650 | _aSAVE BRITAINS HERITAGE V NO 1 POULTRY 1991 | ||
| 650 | _aSERVICE AREAS | ||
| 650 | _aTHORNFIELD ROADSIDE LTD V SOS ENVIRONMENT & ANOTHER 1995 | ||
| 690 | _aPLANNING LAW AND PRACTICE-CASE LAW | ||
| 942 | _n0 | ||
| 948 | _c04/03/1997 | ||
| 999 |
_c13958 _d13958 |
||